Österreichisches Buchstabieralphabet - Statistiken

Allgemein
  • Dieses Quiz wurde 626 mal gespielt
  • Das Durchschnittsergebnis liegt bei 19 aus 32
Antwortstatistiken
Buchstabe Wort % Korrekt
A Anton
94%
B Berta
89%
E Emil
84%
D Dora
76%
G Gustav
76%
C Cäsar
74%
I Ida
74%
F Friedrich
72%
O Otto
71%
H Heinrich
70%
N Nordpol
69%
R Richard
64%
L Ludwig
63%
Ö Österreich
63%
T Theodor
63%
P Paula
59%
M Martha
56%
U Ulrich
56%
K Konrad
55%
S Siegfried
55%
X Xaver
53%
V Viktor
49%
Y Ypsilon
48%
J Julius
45%
Sch Schule
44%
Q Quelle
43%
scharfes S
42%
W Wilhelm
42%
Ä Ärger
38%
Ü Übel
30%
Z Zürich
28%
Ch Charlotte
22%
Keine übereinstimmenden Quizze gefunden
Verteilung der Resultate
Anzahl Personen mit jedem Resultat
Perzentil nach korrekt beantworteten Fragen
Ihre Resultats-Entwicklung
Sie haben dieses Quiz noch nicht gespielt